| 000 | 00446nam a22001697a 4500 | ||
|---|---|---|---|
| 001 | TVUNI | ||
| 005 | 20260126014704.0 | ||
| 008 | 221102s2021 vm vie d | ||
| 040 |
_aTVUNI _eAACR2 |
||
| 041 | 0 | _avie | |
| 100 | 1 | _aThái, Bá Cẩn | |
| 245 | 1 | 0 |
_aGiáo trình Định giá tài sản / _cThái Bá Cẩn |
| 260 |
_aHà Nội : _bTài Chính, _c2021 |
||
| 300 |
_a197 tr. ; _c27 cm. |
||
| 942 |
_2ddc _cBK |
||
| 999 |
_c3036 _d3036 |
||
| 912 |
_a1 _bHiển Phạm |
||